Monte Carlo Strategies in Scientific Computing (Record no. 8304)

MARC details
000 -LEADER
fixed length control field 00519nam a22001937a 4500
003 - CONTROL NUMBER IDENTIFIER
control field OSt
005 - DATE AND TIME OF LATEST TRANSACTION
control field 20240423111721.0
008 - FIXED-LENGTH DATA ELEMENTS--GENERAL INFORMATION
fixed length control field 240423b |||||||| |||| 00| 0 eng d
020 ## - INTERNATIONAL STANDARD BOOK NUMBER
International Standard Book Number 0387952306
040 ## - CATALOGING SOURCE
Transcribing agency DDC
082 ## - DEWEY DECIMAL CLASSIFICATION NUMBER
Classification number 501 LIU 2001
100 ## - MAIN ENTRY--PERSONAL NAME
Personal name Liu, Jun S.
9 (RLIN) 16966
245 ## - TITLE STATEMENT
Title Monte Carlo Strategies in Scientific Computing
260 ## - PUBLICATION, DISTRIBUTION, ETC. (IMPRINT)
Place of publication, distribution, etc. USA;
Name of publisher, distributor, etc. Springer,
Date of publication, distribution, etc. 2001
300 ## - PHYSICAL DESCRIPTION
Extent xvi,343p; Ill: 24cm
500 ## - GENERAL NOTE
General note References, & index included
650 ## - SUBJECT ADDED ENTRY--TOPICAL TERM
Topical term or geographic name as entry element Mathematical computing
9 (RLIN) 16967
942 ## - ADDED ENTRY ELEMENTS (KOHA)
Source of classification or shelving scheme Dewey Decimal Classification
Koha item type Open Shelf
Holdings
Withdrawn status Lost status Source of classification or shelving scheme Damaged status Not for loan Home library Current library Date acquired Source of acquisition Inventory number Total Checkouts Full call number Barcode Date last seen Koha item type
    Dewey Decimal Classification     MUST Main Library MUST Main Library 23/04/2024 Purchase 04/22753   501 LIU 2001 2024-0146 23/04/2024 Open Shelf
    Dewey Decimal Classification     MUST Main Library MUST Main Library 23/04/2024 Purchase 04/22754   501 LIU 2001 2024-0147 23/04/2024 Open Shelf
    Dewey Decimal Classification     MUST Main Library MUST Main Library 23/04/2024 Purchase 05/24772   501 LIU 2001 2024-0148 23/04/2024 Open Shelf
    Dewey Decimal Classification     MUST Main Library MUST Main Library 23/04/2024 Purchase 06/26794   501 LIU 2001 2024-0149 23/04/2024 Open Shelf
    Dewey Decimal Classification     MUST Main Library MUST Main Library 23/04/2024 Purchase 06/26795   501 LIU 2001 2024-0150 23/04/2024 Open Shelf
    Dewey Decimal Classification     MUST Main Library MUST Main Library 23/04/2024 Purchase 06/26796   501 LIU 2001 2024-0151 23/04/2024 Open Shelf